| 000 | 00990nas a2200325 4500 | ||
|---|---|---|---|
| 001 | BR9503944 | ||
| 003 | BR-BrBNA | ||
| 005 | 20231205094102.0 | ||
| 007 | ta | ||
| 008 | 230509b bl.|||p| |||| 00| 00por d | ||
| 040 |
_aBR-BrBNA _bpor _cBiblioteca Nacional de Agricultura |
||
| 041 | _a(Pt) | ||
| 072 | _aF61; F04 | ||
| 100 | 1 | _aAzeredo, D.F. | |
| 100 | 1 | _aBolsanello, J. | |
| 100 | 1 | _aLima, E. | |
| 100 | 1 | _aFernandes, M.S. | |
| 100 | 1 | _aVieira, J.R. | |
| 245 | 1 | _aParcelamento da adubacao nitrogenada em cana-planta no norte do estado do Rio de Janeiro | |
| 650 | _aCana de Acucar | ||
| 650 | _aFertilizante Nitrogenado | ||
| 650 | _aMetodo de Aplicacao | ||
| 650 | _aAnalise Quantitativa | ||
| 650 | _aCambissolo | ||
| 650 | _aPodzolico | ||
| 650 | _aRio de Janeiro | ||
| 773 | 0 |
_tRevista Brasileira de Ciencia do Solo (Brazil) _xISSN 0100-0683 _g(Sep-Dec 1994), v. 18(3) p. 441-447 _wBR9503944 |
|
| 909 |
_a202311 _bLúcia _c55 _dLúcia Elande |
||
| 942 |
_2AGRIS _n0 _cANA |
||
| 999 |
_c141993 _d141993 |
||